<?xml version="1.0" encoding="UTF-8"?><collection xmlns="info:lc/xmlns/marcxchange-v2"><record format="Unimarc" type="bibliographic"><leader>00673nam  2200193   450 </leader><controlfield tag="001">2619760</controlfield><controlfield tag="003">http://id.bnportugal.gov.pt/bib/porbase/2619760</controlfield><datafield ind1=" " ind2=" " tag="010"><subfield code="a">0-8493-0149-1</subfield></datafield><datafield ind1=" " ind2=" " tag="035"><subfield code="a">isec005_bc.iso/29-08-2014/7643</subfield></datafield><datafield ind1=" " ind2=" " tag="100"><subfield code="a">20000113d2000    k  y0pory0103    ba</subfield></datafield><datafield ind1="0" ind2=" " tag="101"><subfield code="a">eng</subfield></datafield><datafield ind1=" " ind2=" " tag="102"><subfield code="a">GB</subfield></datafield><datafield ind1="1" ind2=" " tag="200"><subfield code="a">Handbook of discrete and combinatorial mathematics</subfield><subfield code="f">editor-in-Chief Kenneth H. Rosen</subfield></datafield><datafield ind1=" " ind2=" " tag="210"><subfield code="a">Boca Raton, FL [etc.]</subfield><subfield code="c">CRC Press</subfield><subfield code="d">2000</subfield></datafield><datafield ind1=" " ind2=" " tag="215"><subfield code="a">1232 p.</subfield><subfield code="c">il</subfield></datafield><datafield ind1=" " ind2=" " tag="675"><subfield code="a">512.6</subfield><subfield code="v">BN</subfield><subfield code="z">por</subfield></datafield><datafield ind1=" " ind2=" " tag="675"><subfield code="a">519.1</subfield><subfield code="v">BN</subfield><subfield code="z">por</subfield></datafield><datafield ind1=" " ind2="1" tag="702"><subfield code="a">Rosen</subfield><subfield code="b">Kenneth H.</subfield><subfield code="4">340</subfield></datafield><datafield ind1=" " ind2="0" tag="801"><subfield code="a">PT</subfield><subfield code="b">ISEC</subfield><subfield code="g">RPC</subfield></datafield><datafield ind1=" " ind2=" " tag="859"><subfield code="u">http://files.isec.pt/DOCUMENTOS/SERVICOS/BIBLIO/Capas/Handbook-discrete_Rosen.jpg</subfield><subfield code="z">Capa do livro</subfield></datafield></record></collection>